[Event "SVK-ch U08"]
[Site "Lubovna"]
[Date "2013.04.13"]
[Round "9"]
[White "Jadron, Marek"]
[Black "Stankoviansky, Martin"]
[Result "0-1"]
[WhiteElo "1000"]
[BlackElo "1000"]
[PlyCount "34"]
[EventDate "2013.04.06"]
[EventType "swiss"]
[EventRounds "9"]
[EventCountry "SVK"]
[SourceTitle "CBM 153 Extra"]
[Source "ChessBase"]
[SourceDate "2013.04.22"]
[SourceVersion "1"]
[SourceVersionDate "2013.04.22"]
[SourceQuality "1"]

1. e4 e5 2. Nf3 Nc6 3. Nc3 Bc5 4. Bc4 Nf6 5. Ng5 0-0 6. Nxf7 Qe7 7. d3 d6 8. Bg5 Bg4 9. Qb1 Nd4 10. f3 Nxf3+ 11. gxf3 Bxf3 12. Rf1 Bg2 13. Rf5 h6 14. Bd2 Ng4 15. Nd8+ Kh8 16. Rxf8+ Qxf8 17. Ne6 Qf1# 0-1